01607nam a22002177a 4500003000200000005001700002008004100019020002200060050002600082100001800108245006700126250002200193260003900215300003900254440003900293500007200332520076500404650007101169650006801240650008101308020251113142500.0180220b xxu||||| |||| 00| 0 eng d a978-1-59474-603-1 aPZ 7 b.R4423 Mi 2013 aRiggs, Ransom aMiss Peregrine's home for peculiar children /cby Ransom Riggs aPaperback edition aPhiladelphia:bQuirk Books,c2013. a382 pages:billustrations;c21 cm. aMiss Peregrine's peculiar children a1st book of Miss Peregrine's Peculiar Children Sequel: Hollow City a"A mysterious island. An abandoned orphanage. A strange collection of peculiar photographs. It all waits to be discovered in Miss Peregrine's Home for Peculiar Children, an unforgettable novel that mixes fiction and photography in a thrilling reading experience. As our story opens, a horrific family tragedy sets sixteen-year-old Jacob journeying to a remote island off the coast of Wales, where he discovers the crumbling ruins of Miss Peregrine's Home for Peculiar Children. As Jacob explores its decaying bedrooms and hallways, it becomes clear that Miss Peregrine's children were more than just peculiar. They may have been dangerous. They may have been quarantined for a good reason. And somehow -- impossible though it seems -- they may still be alive." 2Library of Congress Subject HeadingsaOrphanagesxJuvenile fiction 2Library of Congress Subject HeadingsaIslandsxJuvenile fiction 2Library of Congress Subject HeadingsaExceptional childrenxJuvenile fiction